<?xml version="1.0" encoding="UTF-8"?>
<record
    xmlns:xsi="http://www.w3.org/2001/XMLSchema-instance"
    xsi:schemaLocation="http://www.loc.gov/MARC21/slim http://www.loc.gov/standards/marcxml/schema/MARC21slim.xsd"
    xmlns="http://www.loc.gov/MARC21/slim">

  <leader>02084nam a2200277Ia 4500</leader>
  <controlfield tag="001">K0639</controlfield>
  <controlfield tag="003">IT-RoPAU</controlfield>
  <controlfield tag="008">130308s9999    xx            000 0 und d</controlfield>
  <datafield tag="040" ind1=" " ind2=" ">
    <subfield code="a">IT-RoPAU</subfield>
  </datafield>
  <datafield tag="040" ind1=" " ind2=" ">
    <subfield code="c">IT-RoPAU</subfield>
  </datafield>
  <datafield tag="041" ind1=" " ind2=" ">
    <subfield code="a">ITALIANO  </subfield>
  </datafield>
  <datafield tag="100" ind1=" " ind2=" ">
    <subfield code="a">Magni Basilio</subfield>
  </datafield>
  <datafield tag="100" ind1=" " ind2=" ">
    <subfield code="g">Codice Aut. SPICS: 60257</subfield>
  </datafield>
  <datafield tag="245" ind1=" " ind2=" ">
    <subfield code="a">Storia dell'arte italiana dalle origini al XX secolo. Vol. I</subfield>
  </datafield>
  <datafield tag="245" ind1=" " ind2=" ">
    <subfield code="b">Storia dell'arte  Italiana Dalle Origini al Xx Secolo. Vol. I                                                                                              </subfield>
  </datafield>
  <datafield tag="250" ind1=" " ind2=" ">
    <subfield code="a">3a ed.</subfield>
  </datafield>
  <datafield tag="260" ind1=" " ind2=" ">
    <subfield code="b">s.e. (senza Editrice o non identificata)</subfield>
  </datafield>
  <datafield tag="260" ind1=" " ind2=" ">
    <subfield code="c">1922 [1&#xB0; Ed.:1922 - Ed.Ling.Originale:1922]</subfield>
  </datafield>
  <datafield tag="300" ind1=" " ind2=" ">
    <subfield code="a">"605 p. (prefazione: 27; testo: 578 [pagine: 0-0])"</subfield>
  </datafield>
  <datafield tag="500" ind1=" " ind2=" ">
    <subfield code="a">"Introduzione: Arte degli Assiri, Babilonesi, Medi e Persiani; Fenici ed Ebrei; Indiani, Cinesi, Giapponesi; Egiziani; Arte Greca (Egia; Agelada; Fidia; Mirone; Policleto; Scopa; Prassitele; Lisippo; Polignoto; Apollodoro; Zeusi; Parrasio; Apelle, Protogene). Storia Arte Italiana Antica: Pelasgica; Etrusca; Arte nella Magna Grecia e Sicilia; Arte del Lazio e di Roma; Arte Romana Dalla seconda Guerra Punica Ad Augusto; da Augusto Agli Antonini; Dalla Morte di Augusto a Marco Aurelio; da Marco Aurelio Antonino Alla Morte di Costantino. Arte Medioevale: Arte Cristiana Primitiva; Bizantina; Araba; Lombarda; Arte Ogivale; scultura  dal Sec. Iv a tutto Il Xii; Giunta Pisano, Guido da Siena, Fra Sisto, Fra Ristoro; dal mille al XIII  Sec. Marmorari Romani, Cosmati, Pietro Cavallini, Mosaicisti; Arte Siciliana, Napoletana, Genovese, Bolognese, Veneziana; Arnolfo di Cambio, Nicola Pisano, Giovanni Cimabue. Rinascimento: Arte '300 da Giotto a Masaccio; Andrea Pisano, Andrea Orgagna ed Altri Scultori; Taddeo ed Angelo Gaddi, Bernardo Daddi, Stefano fiorentino e Altri pittori Giotteschi; Maestri senesi Sec. Xiv; Arte nel Rimanente D'Italia nel Sec. Xiv.               "</subfield>
  </datafield>
  <datafield tag="650" ind1=" " ind2=" ">
    <subfield code="a">STORIA DELLE ARTI VISIVE</subfield>
  </datafield>
  <datafield tag="650" ind1=" " ind2=" ">
    <subfield code="e">Codice materia Spics: 5008</subfield>
  </datafield>
  <datafield tag="942" ind1=" " ind2=" ">
    <subfield code="c">BK</subfield>
  </datafield>
  <datafield tag="957" ind1=" " ind2=" ">
    <subfield code="7">1</subfield>
  </datafield>
  <datafield tag="999" ind1=" " ind2=" ">
    <subfield code="c">77003</subfield>
    <subfield code="d">77003</subfield>
  </datafield>
  <datafield tag="999" ind1=" " ind2=" ">
    <subfield code="g">1</subfield>
  </datafield>
  <datafield tag="952" ind1=" " ind2=" ">
    <subfield code="0">0</subfield>
    <subfield code="1">0</subfield>
    <subfield code="4">0</subfield>
    <subfield code="6">K_000000000000000_0639</subfield>
    <subfield code="7">1</subfield>
    <subfield code="a">SPICS</subfield>
    <subfield code="b">SPICS</subfield>
    <subfield code="d">2013-03-08</subfield>
    <subfield code="l">0</subfield>
    <subfield code="o">K0639</subfield>
    <subfield code="r">2013-03-08 00:00:00</subfield>
    <subfield code="w">2013-03-08</subfield>
    <subfield code="y">BK</subfield>
    <subfield code="z">Progressivo inserimento:  21977 /  N. Volumi: 1 Copie: 1  / data import: 1 marzo 2013 - By Epidotti, Trombetti, Vaglietti. </subfield>
  </datafield>
</record>
